Normal view
MARC view
- Judge-made law
Entry Topical Term
001 - CONTROL NUMBER
- control field: 128769
003 - CONTROL NUMBER IDENTIFIER
- control field: NUST
005 - DATE AND TIME OF LATEST TRANSACTION
- control field: 20250417095002.0
008 - FIXED-LENGTH DATA ELEMENTS
- fixed length control field: 250417|| aca||aabn | a|a d
040 ## - CATALOGING SOURCE
- Original cataloging agency: NUST
- Transcribing agency: NUST
150 ## - HEADING--TOPICAL TERM
- Topical term or geographic name entry element: Judge-made law
- Geographic subdivision: Great Britain
670 ## - SOURCE DATA FOUND
- Source citation: Work cat.: (NUST)0: Denning, Alfred Thompson Denning, Baron, 1899-1999. 128587, The discipline of law /, 2004.
